00273 a2200133 4500001000700000020002200007040001100029100002100040240002800061245002300089300000800112362000900120440001000129189591 a978-85-250-4595-9 cMagnum aLobato, Monteiro10aA chave do tamanholpor10aA chave do tamanho a1270 a2008 1aGlobo